Η τέχνη του φιλιού

Saved in:
Bibliographic Details
Main Author: Morris, Hugh
Other Authors: Χατζόπουλος, Πέτρος, 1979- (Translator)
Format: Book
Language:Greek
English
Published: Αθήνα : Καστανιώτης, 2006.
Subjects:
Tags: Add Tag
No Tags, Be the first to tag this record!

MARC

LEADER 00000cam a2200000 i 4500
001 1/4292
008 100208s2006 gr | ||| |||| ||gre||
020 |a 9600342849 
035 |l 10106700 
040 |a GR-MyUA  |b gre  |e AACR2 
041 1 |a gre  |h eng 
082 0 |a 394  |2 (22) 
100 1 |a Morris, Hugh. 
245 1 2 |a Η τέχνη του φιλιού /   |c Χιού Μόρις ; διασκευή Πέτρος Χατζόπουλος.  
260 |a Αθήνα :   |b Καστανιώτης,   |c 2006.  
300 |a 58 σ. :   |b εικ. ;   |c 19 εκ.  
500 |a Τίτλος πρωτοτύπου: The art of kissing.  
650 0 0 |a Kissing. 
700 1 |a Χατζόπουλος, Πέτρος,   |d 1979-  |e trl 
852 |a INST  |b SAMOS  |e 20100208  |h 394 MOR  |p 005300030667  |q 005300030667  |t BK  |y 0 
901 |a BIBL3-2010-1 
909 |a Σ  |b 161781 
970 |a ΡΟΥΣΣΟΥ  |b ΚΩΝΣΤΑΝΤΙΝΑ  |z 2010/02/08